000 00226nam a2200097Ia 4500
008 190216s9999||||xx |||||||||||||| ||und||
100 _aGupta
245 0 _aGeneral
260 _bSahithya Pravarthaka Sahakarana Sangam
942 _cBK
999 _c3816
_d3816